000 00356nam a2200157Ia 4500
100 _aPillai/S.O
650 _aPhysics
942 _cBK
366 _f20
654 _aphysics
245 _aModern physics and solid state physics
260 _bNew Age Interational Ltd.
_aMumbai
_c2006
082 _a530.41/PIL
_bPIL
300 _a482
546 _aENGLISH
999 _c34867
_d34867